[Event "Novosibirsk op 04"]
[Site "Novosibirsk"]
[Date "2009.04.03"]
[Round "1"]
[White "Anikin, Roman"]
[Black "Gulin, Yury"]
[Result "0-1"]
[WhiteElo "1917"]
[BlackElo "2003"]
[PlyCount "76"]
[EventDate "2009.04.03"]
[EventType "swiss"]
[EventRounds "9"]
[EventCountry "RUS"]
[SourceTitle "EXT 2012"]
[Source "ChessBase"]
[SourceDate "2011.11.24"]
[SourceVersion "1"]
[SourceVersionDate "2011.11.24"]
[SourceQuality "1"]

1. Nf3 d6 2. g3 g6 3. Bg2 Bg7 4. 0-0 Nf6 5. d3 0-0 6. e4 c6 7. c3 Qa5 8. Bg5 Bg4 9. Nbd2 h6 10. Be3 Qh5 11. Qb3 b6 12. h4 Nbd7 13. a4 d5 14. Nd4 Nc5 15. Qc2 Rac8 16. a5 e5 17. N4b3 Nxb3 18. Nxb3 dxe4 19. dxe4 Bf3 20. axb6 axb6 21. Bxb6 Nxe4 22. Nd2 Nxd2 23. Qxd2 Rb8 24. Qe3 e4 25. Ra5 Qg4 26. Bc5 Rfd8 27. Bd4 Rxb2 28. Rc5 Re2 29. Bxf3 exf3 30. Qf4 Qxf4 31. gxf4 Bxd4 32. cxd4 Rxd4 33. Kh2 Rxf4 34. Kg3 Rf6 35. Rfc1 Ree6 36. R1c3 Kf8 37. Ra5 h5 38. Ra7 Re4 0-1

[Event "Dimitrovgrad-ch"]
[Site "Dimitrovgrad"]
[Date "2009.??.??"]
[Round "1"]
[White "Gulin, Yury"]
[Black "Vasiliev, Igor"]
[Result "1-0"]
[WhiteElo "2000"]
[BlackElo "2270"]
[PlyCount "37"]
[EventDate "2009.08.??"]
[EventType "swiss"]
[EventRounds "9"]
[EventCountry "RUS"]
[SourceTitle "EXT 2012"]
[Source "ChessBase"]
[SourceDate "2011.11.24"]
[SourceVersion "1"]
[SourceVersionDate "2011.11.24"]
[SourceQuality "1"]

1. e4 d5 2. exd5 Nf6 3. Bb5+ Bd7 4. Bc4 Bg4 5. f3 Bf5 6. Nc3 c6 7. dxc6 Nxc6 8. Nge2 e5 9. 0-0 Bc5+ 10. Kh1 0-0 11. d3 h6 12. Ng3 Bg6 13. Nge4 Bb6 14. Bd2 Nd4 15. f4 Bxe4 16. dxe4 exf4 17. Bxf4 Re8 18. e5 Nd7 19. Bxf7+ 1-0

[Event "SFR-ch Seniors"]
[Site "Novosibirsk"]
[Date "2008.10.14"]
[Round "7"]
[White "Gulin, Yury"]
[Black "Bychkov, Leonid Fedorovich"]
[Result "1-0"]
[WhiteElo "1957"]
[BlackElo "1875"]
[PlyCount "101"]
[EventDate "2008.10.08"]
[EventType "swiss"]
[EventRounds "9"]
[EventCountry "RUS"]
[SourceTitle "EXT 2022"]
[Source "ChessBase"]
[SourceDate "2021.10.06"]
[SourceVersion "1"]
[SourceVersionDate "2021.10.06"]
[SourceQuality "1"]

1. e4 e5 2. Nf3 Nf6 3. d4 Nxe4 4. dxe5 d5 5. exd6 Nxd6 6. Bd3 Be7 7. 0-0 0-0 8. Nc3 Be6 9. Ne5 Nd7 10. Bf4 Nxe5 11. Bxe5 Bf6 12. Bxd6 Qxd6 13. Ne4 Qe5 14. c3 Qf4 15. Qc2 Be7 16. Rae1 Rfd8 17. Re3 g6 18. Rfe1 Rd5 19. Ng3 Rad8 20. Ne2 Qd6 21. Nd4 Bg5 22. Rxe6 fxe6 23. Rxe6 Qf4 24. Bc4 Qc1+ 25. Qxc1 Bxc1 26. Re5 c6 27. Bxd5+ Rxd5 28. Rxd5 cxd5 29. b3 Bb2 30. Ne2 Kf7 31. f3 Ke6 32. Kf2 Ke5 33. Ke3 a5 34. a4 Ba3 35. f4+ Kd6 36. g4 Bc5+ 37. Kf3 Ba3 38. Ke3 Bc5+ 39. Kd3 Bf2 40. Nd4 Bg1 41. h3 Bh2 42. Ne2 h6 43. h4 g5 44. hxg5 hxg5 45. fxg5 Be5 46. Nd4 Bf4 47. Nf5+ Ke5 48. g6 Kf6 49. g7 Kf7 50. Kd4 Bg5 51. Kxd5 1-0

[Event "SFR-ch Seniors"]
[Site "Novosibirsk"]
[Date "2008.10.08"]
[Round "1"]
[White "Agafonov, Vladimir"]
[Black "Gulin, Yury"]
[Result "1-0"]
[WhiteElo "2227"]
[BlackElo "1957"]
[PlyCount "91"]
[EventDate "2008.10.08"]
[EventType "swiss"]
[EventRounds "9"]
[EventCountry "RUS"]
[SourceTitle "EXT 2022"]
[Source "ChessBase"]
[SourceDate "2021.10.06"]
[SourceVersion "1"]
[SourceVersionDate "2021.10.06"]
[SourceQuality "1"]

1. d4 Nf6 2. Nf3 g6 3. Bg5 Bg7 4. Nbd2 c5 5. e3 Qa5 6. c3 d6 7. Be2 Bd7 8. 0-0 0-0 9. Re1 Re8 10. Qb3 Qc7 11. dxc5 dxc5 12. Bc4 e6 13. Bf4 Qc8 14. Bf1 Nc6 15. Nc4 Ne4 16. Bd3 b5 17. Bxe4 bxc4 18. Qxc4 e5 19. Bg3 Na5 20. Qe2 Rb8 21. Bd5 Bc6 22. Bxc6 Qxc6 23. e4 f6 24. b3 Red8 25. Red1 Bf8 26. Nd2 Be7 27. Nf1 Kg7 28. f3 Nb7 29. Ne3 a5 30. Qc4 a4 31. Nd5 Bf8 32. Qxa4 Qxa4 33. bxa4 Na5 34. Rdb1 Nc4 35. a5 Nxa5 36. a4 Nb3 37. Ra2 Rd6 38. f4 Re6 39. fxe5 fxe5 40. c4 Bd6 41. Rab2 Na5 42. Rxb8 Bxb8 43. Rxb8 Nxc4 44. Rb7+ Kf8 45. Bf2 Ra6 46. Bxc5+ 1-0

[Event "Novosibirsk-ch Seniors op"]
[Site "Novosibirsk"]
[Date "2008.10.03"]
[Round "9"]
[White "Gulin, Yury"]
[Black "Bykovsky, Vladimir"]
[Result "1-0"]
[WhiteElo "1957"]
[BlackElo "2053"]
[PlyCount "63"]
[EventDate "2008.09.25"]
[EventType "swiss"]
[EventRounds "9"]
[EventCountry "RUS"]
[SourceTitle "EXT 2022"]
[Source "ChessBase"]
[SourceDate "2021.10.06"]
[SourceVersion "1"]
[SourceVersionDate "2021.10.06"]
[SourceQuality "1"]

1. e4 c5 2. c4 g6 3. Nc3 Bg7 4. g3 d6 5. Bg2 Nc6 6. Nf3 e6 7. 0-0 Nge7 8. Rb1 0-0 9. a3 a6 10. b4 cxb4 11. axb4 Bd7 12. d4 e5 13. d5 Nd4 14. Ba3 b6 15. Nxd4 exd4 16. Ne2 Rc8 17. Rc1 Bh6 18. f4 b5 19. c5 dxc5 20. bxc5 b4 21. Bb2 Bb5 22. Qxd4 f6 23. Rfe1 Bg7 24. Qxb4 Rb8 25. Qc3 Rc8 26. Nd4 f5 27. d6 Nc6 28. Qb3+ Rf7 29. Ne6 Bxb2 30. Nxd8 Bd4+ 31. Kh1 Rxd8 32. e5 1-0